แสดงรายละเอียดบรรณานุกรม
  กลับหน้าหลัก

Brief Record : Get Marc (ISO 2709) : E-mail record : QR code ปิดหน้าต่าง
E-books : เกี่ยวกับ Collections
LEADER 00000nam 2200000uu 4500
001    211652
003     ULIBM
008    020711s2559 th a 000 0 tha d
020    9786161131128
041    ^atha^beng
060  4 WY105 ส691ท 2559
110    สำนักงานปลัดกระทรวงสาธารณสุข สำนักการพยาบาล
245    ทิศทางยุทธศาสตร์โลก เพื่อสร้างความเข้มแข็งให้กับการพยาบาลและการผดุงครรภ์ ค.ศ.2016-2020 (พ.ศ.2559-2563) ขององค์การอนามัยโลก/^bสำนักการพยาบาล สำนักงานปลัดกระทรวงสาธารณสุข
260    นนทบุรี :^bสำนักการพยาบาล สำนักงานปลัดกระทรวงสาธารณสุข,^c2559
300    111 หน้า :^bภาพประกอบ ;^c25 ซม.
650  4 การพยาบาล^xการบริหาร
650  4 ^aองค์การอนามัยโลก^xการวางแผน
650  4 ^aบุคลากรสาธารณสุข
700 0  ^aนรินทร์ ทิมา,^eผู้แปล
999    ^aใช้งานได้ทุกระบบ
รายการนี้ยังไม่มีแท็ก
คุณยังไม่ได้ล็อกอิน คุณสามารถมีกิจกรรมร่วมกับเว็บไซต์ได้ แต่ต้องล็อกอินก่อน ::
  ล็อกอิน
ลำดับที่ ประเภท เลขเรียก สถานที่ สถานะ
1. หนังสือทั่วไป
หนังสือทั่วไป
WY105 ส691ท 2559  
  
วิทยาศาสตร์สุขภาพ On Shelf
  ขอยืม
2. หนังสือทั่วไป
หนังสือทั่วไป
WY105 ส691ท 2559 ฉ.2 
  
วิทยาศาสตร์สุขภาพ On Shelf
  ขอยืม
3. หนังสือทั่วไป
หนังสือทั่วไป
WY105 ส691ท 2559 ฉ.3 
  
วิทยาศาสตร์สุขภาพ On Shelf
  ขอยืม
   [แสดง 3/3 รายการ]

รายการใกล้เคียง
    หัวเรื่อง [การพยาบาล การบริหาร]
    หัวเรื่อง [บุคลากรสาธารณสุข]

BibComment


ยังไม่เคยถูกคอมเมนท์

คอมเมนท์ทรัพยากรรายการนี้
  คอมเมนท์: ทิศทางยุทธศาสตร์โ..
Bib 211652

 
 
 

 Union Library Management : ULibM
Copyright 2026. All Rights Reserved.
скачать бесплатно без регистрации порно красивый секс HD Sex Hindi sex

xxx gou

xxxx

bfxxx

xxxwww

Секса Видео

xxxx

Секса Видео

detube

geilexxx

C99 Shell

worms shell

blod xxx video
Ebony Coed Rihanna Rimes Takes A Dick In Her Young Twat priyaa indian fuck anal and pusssy hardcore indian women xxx desi hardcore fucking part 1 bengalixxxcouple